<?xml version="1.0" encoding="UTF-8"?><?xml-stylesheet type="text/xsl" href="static/style.xsl"?><OAI-PMH xmlns="http://www.openarchives.org/OAI/2.0/" xmlns:xsi="http://www.w3.org/2001/XMLSchema-instance" xsi:schemaLocation="http://www.openarchives.org/OAI/2.0/ http://www.openarchives.org/OAI/2.0/OAI-PMH.xsd"><responseDate>2026-04-14T02:07:28Z</responseDate><request verb="GetRecord" identifier="oai:www.recercat.cat:10256/27031" metadataPrefix="marc">https://recercat.cat/oai/request</request><GetRecord><record><header><identifier>oai:recercat.cat:10256/27031</identifier><datestamp>2025-07-10T07:20:48Z</datestamp><setSpec>com_2072_452966</setSpec><setSpec>com_2072_2054</setSpec><setSpec>col_2072_452968</setSpec></header><metadata><record xmlns="http://www.loc.gov/MARC21/slim" xmlns:dcterms="http://purl.org/dc/terms/" xmlns:xsi="http://www.w3.org/2001/XMLSchema-instance" xmlns:doc="http://www.lyncode.com/xoai" xsi:schemaLocation="http://www.loc.gov/MARC21/slim http://www.loc.gov/standards/marcxml/schema/MARC21slim.xsd">
   <leader>00925njm 22002777a 4500</leader>
   <datafield ind2=" " ind1=" " tag="042">
      <subfield code="a">dc</subfield>
   </datafield>
   <datafield ind2=" " ind1=" " tag="720">
      <subfield code="a">Linares Aguilà, Mar</subfield>
      <subfield code="e">author</subfield>
   </datafield>
   <datafield ind2=" " ind1=" " tag="260">
      <subfield code="c">2025</subfield>
   </datafield>
   <datafield ind2=" " ind1=" " tag="520">
      <subfield code="a">Introduction: According to the WHO, polycystic ovary syndrome (PCOS) affects&#xd;
between 8% and 13% of women of reproductive age worldwide. In fact, it is&#xd;
considered the most common endocrine disorder in women within this age group and&#xd;
one of the leading causes of infertility. Women with PCOS have an increased risk of&#xd;
developing metabolic syndromes, including hyperglycemia, insulin resistance,&#xd;
hypertension, obesity, and dyslipidemia, as well as mental health disorder such as&#xd;
depression and anxiety.&#xd;
Despite its high prevalence and its significant impact on both physical and emotional&#xd;
health, no specific pharmacological treatment currently exists for PCOS. In 98% of&#xd;
cases, oral contraceptives are used as the primary therapeutic approach. However,&#xd;
scientific evidence emphasizes that healthy lifestyle is a fundamental pillar in the&#xd;
management of PCOS.&#xd;
Objective: To evaluate the effectiveness of a health education program focused on&#xd;
health eating in improving well-being and quality of life of women diagnosed with&#xd;
polycystic ovary syndrome.&#xd;
Methodology: A randomized controlled clinical trial involving women diagnosed with&#xd;
PCOS, all residing in the province of Girona. The research will be carried out by&#xd;
consist a multidisciplinary team composed of nurses, nutritionists, and psychologists,&#xd;
all specialized in community health and sexual and reproductive health.&#xd;
The study will consist of three phases: initial assessment of the sample, followed by a&#xd;
seven-week intervention phase, and concludes with a ten-month follow-up phase.&#xd;
At the start, all participants will attend an individual, in-person consultation at the&#xd;
ASSIR unit of Santa Clara Primary Care Center (CAP). This initial visit will include a&#xd;
clinical anamnesis, blood tests, a nutritional assessment, and a psycho-emotional&#xd;
evaluation.&#xd;
The intervention program is designed according to a biopsychosocial model, taking&#xd;
into account the age, cultural background, and socioeconomic context of the&#xd;
participants</subfield>
   </datafield>
   <datafield ind2=" " ind1=" " tag="520">
      <subfield code="a">3</subfield>
   </datafield>
   <datafield ind2=" " ind1=" " tag="520">
      <subfield code="a">5</subfield>
   </datafield>
   <datafield tag="653" ind2=" " ind1=" ">
      <subfield code="a">Síndrome dels ovaris poliquístics</subfield>
   </datafield>
   <datafield tag="653" ind2=" " ind1=" ">
      <subfield code="a">Polycystic ovary syndrome</subfield>
   </datafield>
   <datafield tag="653" ind2=" " ind1=" ">
      <subfield code="a">Dieta mediterrània</subfield>
   </datafield>
   <datafield tag="653" ind2=" " ind1=" ">
      <subfield code="a">Diet -- Mediterranean Region</subfield>
   </datafield>
   <datafield tag="653" ind2=" " ind1=" ">
      <subfield code="a">Qualitat de vida</subfield>
   </datafield>
   <datafield tag="653" ind2=" " ind1=" ">
      <subfield code="a">Quality of life</subfield>
   </datafield>
   <datafield tag="653" ind2=" " ind1=" ">
      <subfield code="a">Dones -- Alimentació</subfield>
   </datafield>
   <datafield tag="653" ind2=" " ind1=" ">
      <subfield code="a">Women -- Nutrition</subfield>
   </datafield>
   <datafield tag="653" ind2=" " ind1=" ">
      <subfield code="a">Promoció de la salut</subfield>
   </datafield>
   <datafield tag="653" ind2=" " ind1=" ">
      <subfield code="a">Health promotion</subfield>
   </datafield>
   <datafield ind2="0" ind1="0" tag="245">
      <subfield code="a">Implementació d’un programa de salut sobre alimentació saludable en dones amb síndrome de l’ovari poliquístic: assaig clínic. Projecte de recerca no finalitzat</subfield>
   </datafield>
</record></metadata></record></GetRecord></OAI-PMH>